اكتمل التصدير — 

The small finds and vessel glass from Insula VI.1 Pompeii : excavations 1995-2006 /

This report presents the vessel glass and small finds found during the excavations between 1995 and 2006 that took place in Insula VI.1, Pompeii (henceforth VI.1). More than 5,000 items are discussed, and the size of the assemblage has meant that the publication is in two parts.

محفوظ في:

المؤلف الرئيسي: Cool, H. E. M. (مؤلف)

التنسيق: كتاب الكتروني

اللغة: English

منشور في: Oxford : Archaeopress, [2016]

سلاسل: Archaeopress Roman archaeology ; 17.

الموضوعات:

الوصول للمادة أونلاين: Login to view Source

الوسوم: إضافة وسم

لا توجد وسوم, كن أول من يضع وسما على هذه التسجيلة!

رقم الطلب: DG70.P7

LEADER 01919nam a2200421 i 4500
001 EDZ0001585181
003 StDuBDS
005 20230412181829.0
006 m|||||o||d||||||||
007 cr |||||||||||
008 161114s2016 enka f 000|0|eng|d
020 |a 9781784914530 (ebook) :  |c No price 
040 |a StDuBDS  |b eng  |c StDuBDS  |e rda  |e pn 
050 4 |a DG70.P7 
082 0 4 |a 937.7  |2 23 
100 1 |a Cool, H. E. M.,  |e author. 
245 1 4 |a The small finds and vessel glass from Insula VI.1 Pompeii :  |b excavations 1995-2006 /  |c H.E.M. Cool. 
264 1 |a Oxford :  |b Archaeopress,  |c [2016] 
300 |a 1 online resource :  |b illustrations (black and white, and colour). 
336 |a text  |2 rdacontent 
336 |a still image  |2 rdacontent 
337 |a computer  |2 rdamedia 
338 |a online resource  |2 rdacarrier 
490 1 |a Archaeopress Roman archaeology ;  |v 17 
500 |a Previously issued in print: 2016. 
520 8 |a This report presents the vessel glass and small finds found during the excavations between 1995 and 2006 that took place in Insula VI.1, Pompeii (henceforth VI.1). More than 5,000 items are discussed, and the size of the assemblage has meant that the publication is in two parts. 
521 |a Specialized. 
588 |a Description based on online resource; title from home page (viewed on November 15, 2016). 
651 0 |a Pompeii (Extinct city) 
650 0 |a Excavations (Archaeology)  |z Italy  |z Naples (Province) 
651 0 |a Naples (Italy : Province)  |x Antiquities. 
650 0 |a Glassware  |z Italy  |z Naples (Province) 
776 0 8 |i Print version :  |z 9781784914523 
830 0 |a Archaeopress Roman archaeology ;  |v 17. 
856 4 0 |3 Archaeopress  |u http://library.arce.org:8087/Archaeopress/Products/9781784914523 
942 |2 lcc  |c EBOOK 
952 |0 0  |1 0  |4 0  |6 DG0070 P7  |7 1  |9 46204  |a ARCH  |b ARCH  |d 2023-04-12  |l 0  |o DG70.P7  |r 2023-04-12 00:00:00  |w 2023-04-12  |y EBOOK 
999 |c 51862  |d 51862